| 000 | 00831nas a2200277 4500 | ||
|---|---|---|---|
| 001 | BR2012002924 | ||
| 003 | BR-BrBNA | ||
| 005 | 20231205120453.0 | ||
| 007 | ta | ||
| 008 | 230509b bl.|||p| |||| 00| 00por d | ||
| 040 |
_aBR-BrBNA _bpor _cBiblioteca Nacional de Agricultura |
||
| 041 | _a(Pt) | ||
| 072 | _aL73; L70 | ||
| 100 | 1 | _aGuglielmone, A.A. | |
| 100 | 1 | _aMangold, A.J. | |
| 100 | 1 | _aMartins, J.R. | |
| 245 | 1 | _aFármacos utilizados contra a anaplasmose bovina - revisão bibliográfica | |
| 650 | _aBOVINO | ||
| 650 | _aANAPLASMOSE | ||
| 650 | _aDOENÇA ANIMAL | ||
| 650 | _aBACTÉRIA | ||
| 650 | _aMEDICAMENTO | ||
| 773 | 0 |
_tPesquisa Veterinária Brasileira (Brazil) _xISSN 0101-9163 _g(May-Jun 2003), v. 23(133) p. 35-39 _wBR2012002924 |
|
| 909 |
_a202311 _bLúcia _c55 _dLúcia Elande |
||
| 942 |
_2AGRIS _n0 _cANA |
||
| 999 |
_c218675 _d218675 |
||